Provinzen Norwegens auf einer Karte - Statistiken

Allgemein
  • Dieses Quiz wurde 323 mal gespielt
  • Das Durchschnittsergebnis liegt bei 6 aus 15
Antworten auf der Karte
Die Antworten werden auf der Karte rot bzw. grün angezeigt, abhängig davon wie oft sie richtig erraten wurden.
 
Antwortstatistiken
Antwort % Korrekt
Oslo
92%
Troms
61%
Finnmark
52%
Nordland
47%
Vestland
47%
Trøndelag
40%
Telemark
39%
Innlandet
36%
Møre og Romsdal
32%
Rogaland
32%
Agder
30%
Vestfold
30%
Akershus
28%
Østfold
27%
Buskerud
24%
Keine übereinstimmenden Quizze gefunden
Verteilung der Resultate
Anzahl Personen mit jedem Resultat
Perzentil nach korrekt beantworteten Fragen
Ihre Resultats-Entwicklung
Sie haben dieses Quiz noch nicht gespielt